000 01174nam a2200229 4500
005 20160523160856.0
008 160523s1878 ck |||fr|||| 000 0 spa d
040 _aCO-BoUCM
_bspa
_cSandra Yazo
_dSandra Yazo
082 0 4 _220
_a922.22
092 _aE40N019
100 1 _937195
_aCarrasquilla, Rafael María
_d1857-1930 ‎
245 1 0 _aVida de Pio IX
_cpor R. M. C.
260 _aBogotá (Colombia)
_bImprenta de F. Torres Amaya
_c1878
300 _avi, 258 páginas
_c17 x 22 cm.
500 _aDetalles físicos: Encuadernación rígida en cartón forrado en cuero. Tapas y lomo con adornos repujados y en dorado. Guardas simulando papel de agua. Hoja de cortesía. Portada impresa en una sola tinta y suelta. Texto impreso en una sola tinta con algunas notas al pie de página. Papel muy manchado. Varias hojas sueltas. Cortes pintados en dorado. Algunas hojas mal recortadas en el borde inferior
506 _aConsulta en sala
600 1 _aPío
_bIX,
_cPapa, Beato
_xBiografías
_977376
650 7 _920982
_aPadres de la iglesia
_xBiografías
650 7 _97894
_aPapas
_xBiografías
690 _aBiografías
_97343
942 _2LOCAL
_cLIBRO
_e1
_hE40N019
999 _c303489
_d303489